Transformadores para radiorreceptores. (Record no. 146241)
[ view plain ]
| 000 -LEADER | |
|---|---|
| campo de control de longitud fija | 00478nam a2200169 i 4500 |
| 001 - NÚMERO DE CONTROL | |
| campo de control | 146241 |
| 003 - IDENTIFICADOR DE NÚMERO DE CONTROL | |
| campo de control | ES-MaACL |
| 005 - FECHA Y HORA DE LA ÚLTIMA TRANSACCIÓN | |
| campo de control | 20230906201450.0 |
| 007 - CAMPO FIJO DE DESCRIPCIÓN FÍSICA--INFORMACIÓN GENERAL | |
| campo de control de longitud fija | t| |
| 008 - DATOS DE LONGITUD FIJA--INFORMACIÓN GENERAL | |
| campo de control de longitud fija | 070905s1958 sp ||||1| spa d |
| 245 00 - MENCIÓN DEL TÍTULO | |
| Título | Transformadores para radiorreceptores. |
| 250 ## - MENCION DE EDICION | |
| Mención de edición | [1ª ed.]. |
| 260 ## - PUBLICACIÓN, DISTRIBUCIÓN, ETC. | |
| Lugar de publicación, distribución, etc. | [Madrid, etc : |
| Nombre del editor, distribuidor, etc. | Escuelas Internacionales, |
| Fecha de publicación, distribución, etc. | 1958] |
| 300 ## - DESCRIPCIÓN FÍSICA | |
| Extensión | 41 p. : |
| Otras características físicas | il. ; |
| Dimensiones | 19 cm. |
| 710 2# - ENTRADA AGREGADA--NOMBRE DE ENTIDAD CORPORATIVA | |
| Nombre de entidad corporativa o nombre de jurisdicción como elemento de entrada | Escuelas Internacionales. |
| 9 (RLIN) | 3618 |
| 852 ## - LOCALIZACIÓN | |
| Ubicación | ES-MaACL |
| Número de control de estantería | 2004-F-20 |
| Sublocalización o colección | R.45866 |
| Estatus retirado | Estado de pérdida | Estado de daño | No para préstamo | Colección | Biblioteca de origen | Biblioteca actual | Ubicación en estantería | Fecha de adquisición | Fuente de adquisición | Total de préstamos | Signatura topográfica completa | Código de barras | Visto por última vez | Precio de reemplazo | Tipo de ítem Koha |
|---|---|---|---|---|---|---|---|---|---|---|---|---|---|---|---|
| Colección de folletos | Biblioteca del Ateneo de Madrid | Biblioteca del Ateneo de Madrid | Depósito folletos | 17/01/2008 | 2004-F-20 | 1152641 | 23/02/2023 | 23/02/2023 | Folleto |
